<?xml version="1.0" encoding="UTF-8"?>
<record
    xmlns:xsi="http://www.w3.org/2001/XMLSchema-instance"
    xsi:schemaLocation="http://www.loc.gov/MARC21/slim http://www.loc.gov/standards/marcxml/schema/MARC21slim.xsd"
    xmlns="http://www.loc.gov/MARC21/slim">

  <leader>007910000a22001330004500</leader>
  <datafield tag="773" ind1="0" ind2=" ">
    <subfield code="t">Perfiles: revista de la comunidad acad&#xE9;mica UDES</subfield>
  </datafield>
  <datafield tag="100" ind1="1" ind2=" ">
    <subfield code="a">Arias Osorio, Eduardo</subfield>
  </datafield>
  <datafield tag="245" ind1="1" ind2="0">
    <subfield code="a">Vision Colombia 2019 propuesta para discusi&#xF3;n: once metas y sus probables implicaciones en la Educaci&#xF3;n Superior</subfield>
  </datafield>
  <datafield tag="300" ind1=" " ind2=" ">
    <subfield code="a">Vol.0, n&#xFA;m.2 ( , 2005), P&#xE1;ginas 12-16</subfield>
  </datafield>
  <datafield tag="500" ind1=" " ind2=" ">
    <subfield code="a">Vision Colombia 2019</subfield>
  </datafield>
  <datafield tag="520" ind1=" " ind2=" ">
    <subfield code="a">Meta 1: Crecimiento y desarrollo econ&#xF3;mico, Meta 2: Pobreza y Miseria, Meta 3: Desempleo, Meta 4: Infrastructura, Meta 5: Ciencia y Tencolog&#xED;a, Meta 6: Salud, Meta 7: Vivenda, Meta 8: Justicia y Paz, Meta 9: Desarollo Sostenible, Meta 10: Relaciones Internacionales, Meta 11: Educaci&#xF3;n y cultura para la convivencia social,</subfield>
  </datafield>
  <datafield tag="650" ind1="1" ind2="4">
    <subfield code="a">EDUCACI&#xD3;N SUPERIOR-COLOMBIA</subfield>
  </datafield>
  <datafield tag="942" ind1=" " ind2=" ">
    <subfield code="c">ANA</subfield>
  </datafield>
  <datafield tag="952" ind1=" " ind2=" ">
    <subfield code="0">0</subfield>
    <subfield code="1">0</subfield>
    <subfield code="4">0</subfield>
    <subfield code="7">0</subfield>
    <subfield code="8">HEM</subfield>
    <subfield code="a">FUSBC</subfield>
    <subfield code="b">FUSBC</subfield>
    <subfield code="d">2016-01-26</subfield>
    <subfield code="l">0</subfield>
    <subfield code="o"> </subfield>
    <subfield code="r">2016-01-26 00:00:00</subfield>
    <subfield code="w">2016-01-26</subfield>
    <subfield code="y">ANA</subfield>
  </datafield>
  <datafield tag="999" ind1=" " ind2=" ">
    <subfield code="c">62565</subfield>
    <subfield code="d">62565</subfield>
  </datafield>
</record>
